| 000 | 00766nam a2200229 i 4500 | ||
|---|---|---|---|
| 001 | bg | ||
| 100 | 1 | _aLINCZOWSKI, Czesław | |
| 245 | 1 | 0 |
_aNaprawy, remonty i modernizacje budynków / _cCzesław Linczowski. |
| 260 |
_aKielce : _bPŚ. Wydaw., _c1997 _e(Kiel. : _fPŚ). |
||
| 300 |
_a364 s. : _brys., wykr. ; _c24 cm. |
||
| 490 | 1 |
_aMonografie, Studia, Rozprawy / Politechnika Świętokrzyska ; _v7 |
|
| 500 | _aNa s. red. i okł. zbędny ISSN. | ||
| 504 | _aBibliogr. s. 361-364. | ||
| 650 | 9 |
_aBudownictwo _xremont |
|
| 655 | _aPodręczniki akademickie | ||
| 830 | 0 |
_aMonografie, Studia, Rozprawy (Politechnika Świętokrzyska) ; _v7 |
|
| 040 | _cBPK | ||
| 041 | 0 | _apl | |
| 080 | _a69.059(075.8) | ||
| 942 | _cKS | ||
| 008 | s pl f |000 0 pol | ||
| 999 |
_c32601 _d32601 |
||
| 856 |
_uhttp://koha.tu.koszalin.pl/cgi-bin/koha/opac-detail.pl?biblionumber=32601 _yKatalog online BPK |
||